A field guide to dynamical recurrent networks

Αποθηκεύτηκε σε:
Λεπτομέρειες βιβλιογραφικής εγγραφής
Άλλοι συγγραφείς: Kolen, John F. 1965- (Επιμελητής έκδοσης), Kremer, Stefan C. 1968-
Μορφή: Βιβλίο
Γλώσσα:English
Δημοσίευση: New York : IEEE, c2001
Θέματα:
Ετικέτες: Προσθήκη ετικέτας
Δεν υπάρχουν, Καταχωρήστε ετικέτα πρώτοι!

MARC

LEADER 00000nam a2200000 i 4500
001 1/69628
008 050119s2001 eng d
020 |a 0-7803-5369-2 
035 |l 10076001 
040 |a GR-MY-UA  |b gre  |e aacr 
041 0 |a eng 
082 0 |a 006.32  |2 (21) 
245 1 2 |a A field guide to dynamical recurrent networks /  |c edited by John F. Kolen, Stefan C. Kremer 
260 |a New York :   |b IEEE,   |c c2001 
300 |a xxx, 423 σ.;  |b εικ.;  |c 26 εκ. 
504 |a Περιλαμβάνει βιβλιογραφία και ευρετήριο 
650 0 0 |a Neural networks (Computer science) 
700 1 |a Kolen, John F.  |d 1965-  |4 edt 
700 1 |a Kremer, Stefan C.  |d 1968- 
852 |a INST  |b CHIOS  |e 20050119  |h 006.32 FIE  |p 005200022669  |q 005200022669  |t BK  |y 0 
901 |a BIBL2-2005-1 
909 |a Χ  |b 112269 
920 |a ΔΙΕΥΡΥΝΣΗ  |b ΕΠΕΑΕΚ-ΤΜΟΔ  |y ΧΙΟΣ  |z 2004-12 
970 |a ΣΠΕΝΤΖΑ  |b ΕΛΕΝΗ  |z 2005/01/19